Étude pour l'aire latino-américaine - Hydrographie - Statistiques

Statistiques générales
  • Ce quiz a été pris 14 fois
  • Le résultat moyen est 8 sur 14
Statistiques - réponses
Hint Réponse % Correct
Lac au Pérou et en Bolivie Lac Titicaca
100%
Fleuve traversant le Brésil, la Colombie et le Pérou L'Amazone
88%
Estuaire commun à l'Uruguay et l'Argentine Rio de la Plata
88%
Lac au nord du lac Nicaragua Lac Managua
63%
Lac au Nicaragua Lac Nicaragua
63%
Fleuve au Brésil et en Argentine Fleuve Rio Parana
50%
Fleuve au Brésil Fleuve Rio Sao Francisco
50%
Autre nom pour le lac Buenos Aires General Carrera
50%
Lac en Bolivie Lac Poopo
50%
Situé au Guatemala, plus grand fleuve d'Amérique centrale Fleuve Lempa
38%
Fleuve au Mexique Fleuve Rio Usumacinta
38%
Lac au Chili et en Argentine Lac Buenos Aires
38%
Lac en Argentine Lac Nahuel Huapi
38%
Fleuve en Honduras Fleuve Rio Ulua
25%
Aucun quiz correspondant
Distribution des résultats
% des personnes avec chaque résultat
Percentile par nombre de réponses
Votre historique - résultats
Vous n’avez pas pris ce quiz